000 01458naa a2200433 c 4500
001 36746
003 ES-MaCES
005 20150925135401.0
008 060628n2006 xxu t ||0 | eng d
035 _aCES20060010168v
040 _aES-MaCES
_bspa
_cES-MaCES
100 1 _aSoumyananda, Dinda
_924332
245 1 0 _aIncome and emission
_b: a panel data-based cointegration analysis
_cDinda Soumyananda, Coondoo Dipankor
500 _aResumen
504 _aBibliografía : p. 180-181
650 4 _a1960-1990
_930951
650 4 _aJapón
_926915
650 4 _aOceanía
_931710
650 4 _aEuropa
_926940
650 4 _aAsia
_926905
650 4 _aAmérica
_926850
650 4 _aAfrica
_926791
650 4 _adatos estadísticos
_930765
650 4 _ainvestigación
_928827
650 4 _apolítica ambiental
_929422
650 4 _aconsecuencias económicas
_927082
650 4 _agas
_927777
650 4 _acontaminación ambiental
_928739
650 4 _acontaminación atmosférica
_928734
650 4 _adegradación del medio ambiente
_930722
653 1 0 _aMedio ambiente
650 4 _930344
_aevaluación del impacto ambiental
650 4 _928715
_amedio ambiente
700 1 _aDipankor, Coondoo
_910812
773 0 _tEcological economics
_gvol. 57, no. 2 (May 2006){10288 R. 064653}; p. 167-181
_w(ES-MaCES)25300
_949016
902 _aART Artículo de revista
942 _2CES
_cAR
_h4.2.
999 _c36746
_d36746